<?xml version="1.0" encoding="UTF-8"?>
<marc:record xmlns:marc="http://www.loc.gov/MARC21/slim">
   <marc:leader>00000nam a2200000 a 4500</marc:leader>
   <marc:datafield ind1="1" ind2=" " tag="100">
      <marc:subfield code="a">Funke, Cornelia</marc:subfield>
      <marc:subfield code="4">aut</marc:subfield>
      <marc:subfield code="e">Verfasser/-in</marc:subfield>
   </marc:datafield>
   <marc:datafield ind1="0" ind2="0" tag="245">
      <marc:subfield code="a">Die wilden Hühner - Fuchsalarm</marc:subfield>
   </marc:datafield>
   <marc:datafield ind1=" " ind2="1" tag="264">
      <marc:subfield code="a">Hamburg</marc:subfield>
      <marc:subfield code="b">Cecilie Dressler.</marc:subfield>
      <marc:subfield code="c">1998</marc:subfield>
   </marc:datafield>
   <marc:datafield ind1="1" ind2=" " tag="490">
      <marc:subfield code="a">Die wilden Hühner</marc:subfield>
   </marc:datafield>
   <marc:datafield ind1="1" ind2=" " tag="520">
      <marc:subfield code="a">IE WILDEN HÜHNER sind in heller Aufregung: Sprotte hat "Fuchsalarm" gegeben! In der Geheimsprache der Mädchenbande heißt das größte Gefahr, Lebensgefahr. Und es geht auch wirklich um Leben und Tod: Sprottes Oma will nämlich ihre Hennen schlachten! Das können die Mädchen natürlich nicht zulassen und beschließen, ihre heiß geliebten Maskottchen zu entführen. Doch wie sollen sie zu fünft fünfzehn laut gackernde Hühner abtransportieren, ohne dass Oma Slättberg es merkt? Und vor allem - wohin mit den Tieren? Schließlich haben DIE WILDEN HÜHNER immer noch kein eigenes Bandenquartier. Ob sie vielleicht ausnahmsweise ihre alten Feinde, die Jungs von den PYGMÄEN, fragen sollen</marc:subfield>
   </marc:datafield>
   <marc:datafield ind1=" " ind2=" " tag="020">
      <marc:subfield code="a">9783791504827</marc:subfield>
      <marc:subfield code="9">9783791504827</marc:subfield>
   </marc:datafield>
   <marc:datafield ind1=" " ind2=" " tag="041">
      <marc:subfield code="a">ger</marc:subfield>
   </marc:datafield>
   <marc:datafield ind1=" " ind2=" " tag="300">
      <marc:subfield code="a">252 S.</marc:subfield>
   </marc:datafield>
</marc:record>
